| 000 | 00974nam a2200253 a 4500 | ||
|---|---|---|---|
| 001 | 000041209 | ||
| 003 | DO-SdBNP | ||
| 005 | 20251021133638.0 | ||
| 008 | 130925s1998 dr ad r 000 0 spa d | ||
| 040 |
_aDO-SdBNP _bspa _cBNPHU |
||
| 082 |
_a352.4 _bT683f, 1998 |
||
| 100 | 1 |
_aToribio, Juan _953928 |
|
| 245 | 1 | 0 |
_aFinanzas públicas y gestión fiscal : _bel nuevo rol del estado en el marco de la globalización económica, pautas para la dirección central y municipal / _cJuan Toribio, Teofilo A. Reyes. |
| 250 | _a2ª ed. | ||
| 260 |
_aSanto Domingo : _bTriunfo Fast Printing, _c1998. |
||
| 300 |
_a257 p. : _bil., gráfcs. ; _c25 cm. |
||
| 500 | _aIncluye datos biografícos de los autores en la contraportada. | ||
| 504 | _aBibliografía : p. 243-246. | ||
| 590 | _aInventariado, 2018/BT | ||
| 650 | 7 |
_aFinanzas públicas _zRepública Dominicana _98564 |
|
| 700 | 1 |
_aReyes, Teofilo A. _953929 |
|
| 910 | _aValidado. Control de calidad. EMS | ||
| 942 |
_2ddc _cLBS1 |
||
| 999 |
_c40699 _d40699 |
||